The Spiegel affair.

Bibliographic Details
Main Author: Schoenbaum, David
Format: Book
Language:English
Published: Garden City, N.Y. : Doubleday, 1968.
Edition:[1st. ed.].
Subjects:

MARC

Tag First Indicator Second Indicator Subfields
LEADER 00000cam a22000001 4500
001 in00000301034
005 20151010142253.0
008 740608s1968 nyu b 00000 eng
010 |a  67019119  
035 |a (OCoLC)01381667 
035 |9 ABH4138AM 
040 |a DLC  |c DLC  |d TXA  |d UtOrBLW 
043 |a e-gw--- 
049 |a TXAM  |c [910656] 
050 0 0 |a DD259.2  |b .S375 
082 0 |a 943.087 
100 1 |a Schoenbaum, David. 
245 1 4 |a The Spiegel affair. 
250 |a [1st. ed.]. 
264 1 |a Garden City, N.Y. :  |b Doubleday,  |c 1968. 
300 |a 239 pages ;  |c 22 cm. 
336 |a text  |b txt  |2 rdacontent 
337 |a unmediated  |b n  |2 rdamedia 
338 |a volume  |b nc  |2 rdacarrier 
504 |a Bibliographical footnotes. 
600 1 0 |a Strauss, Franz Josef,  |d 1915-1988. 
630 0 0 |a Spiegel (Hamburg) 
651 0 |a Germany (West)  |x Politics and government. 
999 |a MARS 
999 f f |s c4b9eb5f-1ea5-3b68-8458-07ab057b77dc  |i 4d128e94-f7d5-3506-944a-54c202510330  |t 0 
952 f f |p normal  |a Texas A&M University  |b College Station  |c Sterling C. Evans Library  |d Evans: Library Stacks  |t 0  |e DD259.2 .S375  |h Library of Congress classification  |i unmediated -- volume  |m A14801977883 
998 f f |a DD259.2 .S375  |t 0  |l Evans: Library Stacks